000
00228nam a22000857a 4500
008
161206b xxu||||| |||| 00| 0 eng d
100
_9
1845
_a
Siddigi. k k
245
_a
It`s one world -3
260
_a
New delhi
_b
Navdeep Publication
_c
2006
999
_c
4591
_d
4591